| 000 | 00469cam a2200145 4500500 | ||
|---|---|---|---|
| 005 | 20251012032441.0 | ||
| 041 | _afre | ||
| 042 | _adc | ||
| 100 | 1 | 0 |
_aAugusto Seabra, José _eauthor |
| 245 | 0 | 0 | _aDes autres vies aux outre-vies (Apories biographiques chez Pessoa) |
| 260 | _c1999. | ||
| 500 | _a70 | ||
| 786 | 0 | _nSigila | 4 | 2 | 1999-12-20 | p. 99-111 | 1286-1715 | |
| 856 | 4 | 1 | _uhttps://shs.cairn.info/revue-sigila-1999-2-page-99?lang=fr&redirect-ssocas=7080 |
| 999 |
_c1547305 _d1547305 |
||